[Event "SG Schwäbisch Gmünd - SC Böblingen"]
[Site "?"]
[Date "2024.03.24"]
[Round "8.8"]
[White "Bader, Gerd"]
[Black "Schuh, Bernd-Martin"]
[Result "1/2-1/2"]
[WhiteElo "2035"]
[BlackElo "1972"]
[PlyCount "78"]
[EventDate "2024.??.??"]

1. e4 c5 2. Nc3 Nc6 3. g3 g6 4. Bg2 Bg7 5. d3 d6 6. Be3 e6 7. Qd2 h5 8. h3 Nge7 9. Nge2 Rb8 10. d4 Qa5 11. O-O O-O 12. f4 cxd4 13. Nxd4 d5 14. Qf2 dxe4 15. Bxe4 Nd5 16. Nxd5 exd5 17. Bg2 Re8 18. c3 Nxd4 19. Bxd4 Bxd4 20. Qxd4 Bf5 21. Rfe1 Qb5 22. Qd2 Be4 23. Rad1 Re6 24. Re3 Rbe8 25. Rde1 Qb6 26. Kh2 Qc7 27. h4 f5 28. Bf1 Rd8 29. Bb5 d4 30. cxd4 Red6 31. Qc3 Qg7 32. Bc4+ Kf8 33. d5 Qxc3 34. Rxc3 Bxd5 35. Bxd5 Rxd5 36. Rce3 Rd2+ 37. R1e2 Rxe2+ 38. Rxe2 Kf7 39. Kg2 Rd3 1/2-1/2

[Event "Stuttgarter SF - Heilbronner SV 2"]
[Site "?"]
[Date "2024.03.24"]
[Round "8.1"]
[White "Schnepp, Gunnar"]
[Black "Kvetny, Mark"]
[Result "0-1"]
[WhiteElo "2252"]
[BlackElo "2407"]
[PlyCount "120"]
[EventDate "2024.??.??"]

1. d4 Nf6 2. c4 e6 3. Nf3 h6 4. a3 d5 5. e3 b6 6. Bd3 Bb7 7. O-O Nbd7 8. Nbd2 c5 9. cxd5 Bxd5 10. e4 Bb7 11. e5 Nd5 12. Re1 Be7 13. dxc5 O-O 14. Ne4 Nxc5 15. Nxc5 Bxc5 16. Qe2 Qd7 17. Bd2 Rfd8 18. Rad1 a5 19. Bc1 Qa4 20. Bb5 Qg4 21. h3 Qf5 22. Nd4 Qg6 23. Bc6 Bxc6 24. Nxc6 Rdc8 25. Qb5 Bxf2+ 26. Kxf2 Qc2+ 27. Kg1 Rxc6 28. Kh1 Rac8 29. Qf1 Rc4 30. Rd3 R8c7 31. Kh2 Kh7 32. Rf3 Qg6 33. Rg3 Qh5 34. Qd3+ Qf5 35. Qxf5+ exf5 36. Bd2 Rd4 37. Bc3 Re4 38. Rd1 Nxc3 39. bxc3 Rxe5 40. Rb1 Rc6 41. Kg1 Rec5 42. Rb3 b5 43. a4 bxa4 44. Ra3 Rc4 45. Rd3 g5 46. Kf2 Kg6 47. Ke3 Re4+ 48. Kd2 Rb6 49. Ra2 Rbe6 50. Kc2 f4 51. Rd2 f5 52. Kb2 g4 53. Ka3 Rc6 54. Rac2 Kg5 55. Rd5 Rec4 56. Rd3 h5 57. Kb2 Rb6+ 58. Kc1 a3 59. Rd4 Rxd4 60. cxd4 Rd6 0-1

[Event "Stuttgarter SF - Heilbronner SV 2"]
[Site "?"]
[Date "2024.03.24"]
[Round "8.2"]
[White "Brueckner, Thomas"]
[Black "Ramirez Marin, Ivan"]
[Result "1/2-1/2"]
[WhiteElo "2306"]
[BlackElo "2272"]
[PlyCount "119"]
[EventDate "2024.??.??"]

1. d4 d5 2. Bf4 c5 3. e3 Nc6 4. Nf3 Bf5 5. Nbd2 cxd4 6. exd4 Qb6 7. Bd3 Bxd3 8. cxd3 e6 9. Qa4 Qb4 10. Qxb4 Bxb4 11. a3 Be7 12. b4 Nh6 13. Nb3 a6 14. Ke2 Nf5 15. Rhc1 h5 16. h3 g5 17. Be3 f6 18. g4 hxg4 19. hxg4 Nh4 20. Nc5 Bxc5 21. Rxc5 Nxf3 22. Kxf3 Rh3+ 23. Kg2 Rh4 24. f3 Kd7 25. Rh1 Rxh1 26. Kxh1 Rc8 27. Kg2 Ne7 28. Rxc8 Nxc8 29. f4 gxf4 30. Bxf4 Na7 31. Bd2 Nb5 32. a4 Nxd4 33. Bc3 Nc6 34. b5 axb5 35. axb5 Na7 36. b6 Nc8 37. Bxf6 Nxb6 38. Bd4 Nc8 39. Kg3 Ne7 40. Kf4 Nc6 41. Bb6 Ke7 42. Kg5 Ne5 43. d4 Nd7 44. Ba5 e5 45. dxe5 Nxe5 46. Kf5 Nc6 47. Bb6 Kd6 48. g5 Ke7 49. g6 Kf8 50. Ke6 d4 51. Kd5 d3 52. Be3 Kg7 53. Ke4 Kxg6 54. Kxd3 Kf5 55. Kc4 Ke6 56. Kb5 Kd7 57. Bg1 Kc7 58. Bh2+ Kc8 59. Bg1 Nb8 60. Bh2 1/2-1/2

[Event "Stuttgarter SF - Heilbronner SV 2"]
[Site "?"]
[Date "2024.03.24"]
[Round "8.3"]
[White "Peng, Xiang-Tobias"]
[Black "Strunski, Andreas"]
[Result "1-0"]
[WhiteElo "2173"]
[BlackElo "2307"]
[PlyCount "107"]
[EventDate "2024.??.??"]

1. e4 c5 2. Nf3 e6 3. d4 cxd4 4. Nxd4 a6 5. Be2 Nf6 6. Bf3 Qc7 7. O-O Nc6 8. Nxc6 dxc6 9. c4 e5 10. Be3 Be6 11. Qe2 Be7 12. Nc3 b5 13. cxb5 axb5 14. Rfc1 Qb7 15. a4 Bc4 16. Qc2 O-O 17. Be2 Bxe2 18. Nxe2 bxa4 19. f3 Rfc8 20. Ng3 Qb5 21. Nf5 Bf8 22. Bc5 Ra6 23. Bxf8 Rxf8 24. Qd2 h6 25. Qd6 Ne8 26. Qe7 Qxb2 27. Rab1 Qd2 28. Rd1 Qg5 29. Qb7 Ra5 30. Qxc6 g6 31. Qb6 Ra8 32. Qc6 Ng7 33. h4 Qf4 34. Ne7+ Kh8 35. Rb7 Qxh4 36. Nd5 a3 37. Rxf7 a2 38. Rxf8+ Rxf8 39. Qxg6 Qg5 40. Qa6 Rxf3 41. Qxa2 Ne6 42. Rb1 Rf8 43. Qa3 Rg8 44. Qh3 Nf4 45. Nxf4 exf4 46. Rb5 Qg7 47. Rh5 Qd4+ 48. Kh2 Qxe4 49. Rxh6+ Kg7 50. Re6 Qd4 51. Qg4+ Kf7 52. Qf5+ Kg7 53. Rg6+ Kh7 54. Qh5# 1-0

[Event "Stuttgarter SF - Heilbronner SV 2"]
[Site "?"]
[Date "2024.03.24"]
[Round "8.4"]
[White "Hofmann, Martin"]
[Black "Tschlatscher, Thomas"]
[Result "1/2-1/2"]
[WhiteElo "2205"]
[BlackElo "2209"]
[PlyCount "114"]
[EventDate "2024.??.??"]

1. d4 Nf6 2. Nf3 d5 3. c4 e6 4. g3 Be7 5. Bg2 O-O 6. O-O dxc4 7. Qc2 a6 8. a4 Bd7 9. Qxc4 Bc6 10. Nc3 b5 11. Qd3 b4 12. Nb1 Be4 13. Qd1 Nbd7 14. Nbd2 Bd5 15. Nb3 c5 16. dxc5 Nxc5 17. Nxc5 Bxc5 18. Ne5 Qc7 19. Bxd5 Rad8 20. Nd3 Rxd5 21. Qb3 Ne4 22. Bf4 Qb6 23. Kg2 g5 24. f3 gxf4 25. fxe4 Rd4 26. Rxf4 Bd6 27. e5 Qb7+ 28. Kf2 Rxf4+ 29. gxf4 Be7 30. Rg1+ Kh8 31. Qc4 Rc8 32. Qd4 Bh4+ 33. Kf1 Rg8 34. f5 Be7 35. Rxg8+ Kxg8 36. f6 Bf8 37. Qg4+ Kh8 38. Qf3 Qc8 39. Kg2 b3 40. Qe4 h6 41. Kf2 Kg8 42. Qg4+ Kh7 43. h4 Qc6 44. Ke3 Kh8 45. Qe4 Qc8 46. h5 Kg8 47. Kf3 Kh8 48. Kf2 Kg8 49. Kf1 Kh8 50. Qe3 Qc6 51. a5 Qh1+ 52. Kf2 Qxh5 53. Qa7 Qh4+ 54. Kf1 Qh1+ 55. Kf2 Qh4+ 56. Kf1 Qh1+ 57. Kf2 Qh4+ 1/2-1/2

[Event "Stuttgarter SF - Heilbronner SV 2"]
[Site "?"]
[Date "2024.03.24"]
[Round "8.5"]
[White "Dudek, Richard"]
[Black "Fritsch, Rolf"]
[Result "1/2-1/2"]
[WhiteElo "2185"]
[BlackElo "2201"]
[PlyCount "91"]
[EventDate "2024.??.??"]

1. e4 c5 2. Nc3 Nc6 3. g3 g6 4. Bg2 Bg7 5. d3 d6 6. Be3 e5 7. Nh3 Nf6 8. O-O O-O 9. Kh1 Nd4 10. f4 Ng4 11. Bg1 exf4 12. Nxf4 h5 13. h3 Ne5 14. Ncd5 Nec6 15. c3 Ne6 16. Be3 Nxf4 17. Nxf4 Qb6 18. Qd2 a5 19. Nd5 Qd8 20. Bh6 f6 21. Be3 Be6 22. Nf4 Bf7 23. d4 g5 24. Ne2 Qe7 25. g4 cxd4 26. Nxd4 Bg6 27. Nf5 Bxf5 28. exf5 hxg4 29. hxg4 Rfe8 30. Bb6 Ne5 31. Bd5+ Kf8 32. Rfe1 Qd7 33. Qd4 Ke7 34. c4 Rh8+ 35. Kg2 Rh4 36. Kf2 Rah8 37. Rg1 Rh2+ 38. Rg2 R8h4 39. Rxh2 Nxg4+ 40. Kg3 Nxh2 41. Re1+ Kf8 42. Qe3 Ng4 43. Qe6 Qxe6 44. Rxe6 Nh6 45. Be4 Rg4+ 46. Kh3 1/2-1/2

[Event "Stuttgarter SF - Heilbronner SV 2"]
[Site "?"]
[Date "2024.03.24"]
[Round "8.6"]
[White "Gabriel, Robert"]
[Black "Ensslinger, Colin"]
[Result "0-1"]
[WhiteElo "2178"]
[BlackElo "1982"]
[PlyCount "58"]
[EventDate "2024.??.??"]

1. d4 Nf6 2. Nf3 e6 3. e3 b6 4. Bd3 Bb7 5. Nbd2 c5 6. O-O Nc6 7. c3 d5 8. Ne5 Bd6 9. f4 O-O 10. g4 Ne7 11. Qf3 Nd7 12. e4 cxd4 13. Nxd7 dxe4 14. Nf6+ gxf6 15. Nxe4 Ng6 16. Qh3 dxc3 17. g5 Bc5+ 18. Nxc5 bxc5 19. bxc3 fxg5 20. fxg5 Qd5 21. Rf4 Rad8 22. Be4 Qxg5+ 23. Rg4 Rd1+ 24. Kf2 Qf6+ 25. Ke2 Bxe4 26. Rxe4 Rfd8 27. Bg5 Qxg5 28. Rxd1 Rxd1 29. Kxd1 Qd5+ 0-1

[Event "Stuttgarter SF - Heilbronner SV 2"]
[Site "?"]
[Date "2024.03.24"]
[Round "8.7"]
[White "Schaefer, Daniel"]
[Black "Lorscheid, Gerhard"]
[Result "1/2-1/2"]
[WhiteElo "1945"]
[BlackElo "2108"]
[PlyCount "59"]
[EventDate "2024.??.??"]

1. d4 d6 2. Nf3 Nf6 3. c4 Nbd7 4. Nc3 e5 5. e4 Be7 6. Be2 c6 7. O-O a6 8. a4 a5 9. h3 O-O 10. Be3 Re8 11. Qc2 exd4 12. Nxd4 Bf8 13. Rad1 Nc5 14. Bf3 Bd7 15. Rfe1 Na6 16. Nde2 Qc7 17. Bg5 Be7 18. Bf4 Be6 19. b3 Rad8 20. Nd4 Bc8 21. Rd2 h6 22. Qd1 Qb6 23. Be3 Nc5 24. Qc2 Bf8 25. Rb1 g6 26. Nde2 Qc7 27. Rbd1 Qb6 28. Rb1 Qc7 29. Rbd1 Qb6 30. Rb1 1/2-1/2

[Event "Stuttgarter SF - Heilbronner SV 2"]
[Site "?"]
[Date "2024.03.24"]
[Round "8.8"]
[White "Reus, Nicholas"]
[Black "Lahouel, Kim-Luca"]
[Result "1-0"]
[WhiteElo "1854"]
[BlackElo "1971"]
[PlyCount "77"]
[EventDate "2024.??.??"]

1. c4 e5 2. Nc3 Nf6 3. g3 Nc6 4. Bg2 Bb4 5. e4 O-O 6. Nge2 Re8 7. d3 a5 8. O-O Bc5 9. Bg5 h6 10. Bxf6 Qxf6 11. Nd5 Qd8 12. h3 d6 13. Kh2 Nd4 14. Rb1 c6 15. Ne3 Be6 16. Nc3 b5 17. f4 f6 18. cxb5 cxb5 19. Ncd5 b4 20. Qh5 Rf8 21. fxe5 dxe5 22. Rbc1 Rc8 23. Ng4 Kh7 24. Ndxf6+ Rxf6 25. Rxf6 Bxg4 26. Qg6+ Kg8 27. Rf7 Ne6 28. hxg4 Qe8 29. Rcf1 Bf8 30. g5 Nf4 31. Rxf8+ Qxf8 32. gxf4 exf4 33. e5 Rc2 34. Kh1 Qd8 35. gxh6 Qh4+ 36. Kg1 Rc7 37. Qe8+ Kh7 38. Be4+ Kxh6 39. Qg6# 1-0